000 00570nam a2200217Ia 4500
005 20260704175958.0
008 260704s9999||||xx |||||||||||||| ||und||
020 _a9789352640928
_qpbk
082 _a823.92
_bSWA
100 _aSwami, Om
245 4 _aThe last gambit
260 _aNoida
_bHarperCollins Publishers
_c2017
300 _a202p. ; 20cm.
653 _aAdventure stories, Indic
653 _aIndia—Fiction
653 _aSelf-realization
653 _aSpiritual life
653 _aSpiritual life
653 _aSuspense fiction, Indic
942 _cBK
999 _c57414
_d57414